|
|
|
|
| LEADER |
01354pam a22002778a 4500 |
| 001 |
00044874 |
| 005 |
20191017081031.0 |
| 008 |
161209s2014 ||||||Chisd |
| 020 |
# |
# |
|c 0
|
| 041 |
0 |
# |
|a Vie
|
| 082 |
1 |
4 |
|a 371.91
|b QU105L
|
| 100 |
1 |
# |
|a Bùi, Thế Hợp
|
| 245 |
1 |
0 |
|a Quản lý giáo dục hòa nhập học sinh khiếm thính bậc trung học
|c Bùi Thế Hợp, Nguyễn Minh Phượng, Trương Thị Tuyết
|b Tài liệu tập huấn dành cho Cán bộ quản lý và Giáo viên bậc Trung học. Tài liệu lưu hành nội bộ
|
| 260 |
# |
# |
|c 2019
|a Hà Nội
|
| 300 |
# |
# |
|a 107 tr.
|c 29 cm.
|
| 500 |
# |
# |
|a Đầu bìa sách ghi: Bộ Giáo dục và đào tạo. Dự án phát triển giáo dục trung học phổ thông giai đoạn 2
|
| 653 |
# |
# |
|a Bậc trung học
|
| 653 |
# |
# |
|a Tài liệu tập huấn
|
| 653 |
# |
# |
|a Khiếm thính
|
| 653 |
# |
# |
|a Học sinh
|
| 653 |
# |
# |
|a Giáo dục hòa nhập
|
| 700 |
1 |
# |
|a Trương, Thị Tuyết
|
| 700 |
# |
# |
|a Nguyễn, Minh Phượng
|
| 852 |
# |
# |
|j KM.0033245
|j KM.0033246
|j KM.0033247
|j KM.0033248
|j KM.0033249
|j KM.0033250
|j KM.0033251
|j KM.0033252
|j KM.0033253
|j KD.0026316
|
| 910 |
# |
# |
|f 16/10/2019
|
| 980 |
# |
# |
|a Trung tâm Học liệu Lê Vũ Hùng, Trường Đại học Đồng Tháp
|